| Tag |
First Indicator |
Second Indicator |
Subfields |
| LEADER |
00000cam a2200000 a 4500 |
| 001 |
in00000089362 |
| 005 |
20151008063422.0 |
| 008 |
790223s1978 enk j 00010 eng d |
| 020 |
|
|
|a 0241897734
|
| 035 |
|
|
|a (OCoLC)04684590
|
| 035 |
|
|
|9 AAK2189AM
|
| 040 |
|
|
|a TMN
|c TMN
|d m.c.
|d TXA
|d UtOrBLW
|
| 043 |
|
|
|a e-uk-sc
|
| 049 |
|
|
|a TXAM
|c [387481]
|
| 090 |
|
|
|a PR8676.L6
|b O8
|
| 092 |
|
|
|a 398.21
|b L812o
|
| 100 |
1 |
|
|a Lochhead, Marion.
|
| 245 |
1 |
4 |
|a The other country :
|b legends and fairy tales of Scotland /
|c retold by Marion Lochhead.
|
| 264 |
|
1 |
|a London :
|b H. Hamilton,
|c 1978.
|
| 300 |
|
|
|a 172 pages ;
|c 24 cm.
|
| 336 |
|
|
|a text
|b txt
|2 rdacontent
|
| 337 |
|
|
|a unmediated
|b n
|2 rdamedia
|
| 338 |
|
|
|a volume
|b nc
|2 rdacarrier
|
| 650 |
|
0 |
|a Fairy tales
|z Scotland.
|
| 650 |
|
0 |
|a Legends
|z Scotland.
|
| 999 |
|
|
|a MARS
|
| 999 |
f |
f |
|s ce0b5890-bd2d-3dc5-a204-ca9cca9dfa04
|i 34f6404f-2fda-3b27-836f-6c91fc6ca818
|t 0
|
| 952 |
f |
f |
|p normal
|a Texas A&M University
|b College Station
|c Sterling C. Evans Library
|d Evans: Library Stacks
|t 0
|e PR8676.L6 O8
|h Library of Congress classification
|i unmediated -- volume
|m A14806187954
|
| 998 |
f |
f |
|a PR8676.L6 O8
|t 0
|l Evans: Library Stacks
|